BEHAVIOURAL APPROCH IN TEACHING MENTALLY RETARDED CHILDREN (Record no. 19975)

MARC details
000 -LEADER
fixed length control field 00282nam a22001217a 4500
003 - CONTROL NUMBER IDENTIFIER
control field SGT
082 ## - DEWEY DECIMAL CLASSIFICATION NUMBER
Item number PES
100 ## - MAIN ENTRY--PERSONAL NAME
Personal name PESHAWARIA, REETA
245 ## - TITLE STATEMENT
Title BEHAVIOURAL APPROCH IN TEACHING MENTALLY RETARDED CHILDREN
260 ## - PUBLICATION, DISTRIBUTION, ETC. (IMPRINT)
Place of publication, distribution, etc DELHI
Name of publisher, distributor, etc NIMH
Year of Publication 1999
300 ## - PAGE DESCRIPTION
No. of Pages 263
942 ## - ADDED ENTRY ELEMENTS (KOHA)
Source of classification or shelving scheme Dewey Decimal Classification
Koha item type Books
Holdings
Withdrawn status Lost status Source of classification or shelving scheme Damaged status Use restrictions Not for loan Collection code Home library Current library Shelving location Date acquired SGTU Full call number Accession No. (Barcode) Date last seen Bill Date Koha item type
    Dewey Decimal Classification   Restricted Access   EDUCATION SGT Engineering Library SGT Engineering Library Reference Book 06/05/2020 SGTU PES ED4713 06/05/2020 06/05/2020 Books
    Dewey Decimal Classification       EDUCATION SGT Engineering Library SGT Engineering Library Text Book 06/05/2020 SGTU PES ED4714 06/05/2020 06/05/2020 Books